Vật lý đại cương Dùng cho các trường Đại học khối kĩ thuật công nghiệp
محفوظ في:
| التنسيق: | كتاب |
|---|---|
| الوسوم: |
إضافة وسم
لا توجد وسوم, كن أول من يضع وسما على هذه التسجيلة!
|
| Thư viện lưu trữ: | Mạng thư viện Đại học Đà Nẵng |
|---|
| LEADER | 00718nam a2200193 4500 | ||
|---|---|---|---|
| 001 | 000008382 | ||
| 003 | 4570 | ||
| 005 | 20150812140832.0 | ||
| 008 | 111017s sd | ||
| 245 | 0 | 0 | |a Vật lý đại cương |b Dùng cho các trường Đại học khối kĩ thuật công nghiệp |c Lương Duyên Bình |
| 774 | |a Lương Duyên Bình |b Tái bản lần thứ 6 |d Giáo dục |d H. |d 2000 |g tập 3, phần 1 |h 244tr |n Mục lục tr243 |t Quang học, Vật lý nguyên tử và hạt nhân |w 4575 | ||
| OWN | |a LSP | ||
| 999 | |a From the UDN01 | ||
| TYP | |a Monograph | ||
| TYP | |a Printed language | ||
| 980 | |a Mạng thư viện Đại học Đà Nẵng | ||